000 00618nam a2200145 a 4500
008 071130s2005 ||||||||||||||||| || u
050 _aTHESIS/STUDENT
100 _aMusewa, Keith Kennedy
245 1 0 _aDevelopment Control through the public health act
260 _aKitwe
_bCopperbelt University, School of Built Environment, Department of Real Estates
_c2005
350 _a0.00
650 _aLAND
650 _aDEVELOPMENT CONTROL--PUBLIC HEALTH ACT
995 _D0.00
_FCBU-MAIN LIBRARY (Kitwe)
_H1
_I0.00
_M1
_UAVAILABLE
_WNov 30, 2007
_ZUniversity Collection
999 _c39967
_d39967